000
00279nam a2200121Ia 4500
100
_a
Costa J.E.
942
_c
BK
654
_a
Computer
245
_a
Planning & Designing high speed Networks
260
_b
Prentice Hall
_a
New Jersey
_c
1995
546
_a
ENGLISH
999
_c
26499
_d
26499